00302pab a2200121 454500008004000000100002100040245005300061260000900114300001400123362001200137650001300149773001800162180718b2010 xxu||||| |||| 00| 0 eng d aChathanatt, John aViolence and beyond: a search for an alternative c2010 ap.273-85. aJul-Sep aViolence aSocial Action